000 00813cab a2200289 4500
001 ABS51013
008 090401t1994 xxu||||| |||| 00| 0 eng d
035 _a(Sirsi) u5024
041 _aeng
245 _aDesign & build
260 _c1994
350 _a0
490 _aContract Journal
_v374(5985) 28 July 1994, 16-35(20)
520 _aSurveys the use of design and build contracts for 70 contractors and the turnover from d & b.
650 _aBUILT ENVIRONMENT-BUILDING CONTRACT FORMS
650 _aCONSTRUCTION COMPANIES
650 _aCONTRACTORS
650 _aDESIGN AND BUILD
650 _aEMPLOYMENT
650 _aNOVATION
650 _aPROFITS
650 _aRANKING
650 _aSTATISTICS
690 _aBUILT ENVIRONMENT-BUILDING CONTRACT FORMS
942 _n0
948 _c04/03/1997
999 _c3020
_d3020